00600nam a2200241Ia 4500008004100000020001800041100002300059245002200082245002300104260001500127260002000142260000900162300001700171300001000188500002600198650002600224650003000250650003100280650001300311650001300324650001300337700000800350160803s9999 xx 000 0 und d a9780590432665 aBoyd, Candy Dawson aCircle of gold /  cCandy Dawson Boyd. aNew York : bScholastic Inc. c1984 a124 pages ;  c20 cm a"An Apple paperback." aAfrican Americans --  aMothers and daughters --  aSingle-parent families --  xFiction. xFiction. xFiction. a610